ARRUPE JESUIT UNIVERSITY

CORONAVIRUS -STOP THE SPREAD - CLEAN,DISINFECT,COVER

Francophone Sub-Saharan Africa 1880-1995 (Record no. 131097)

MARC details
000 -LEADER
fixed length control field 00712nam a22001817a 4500
008 - FIXED-LENGTH DATA ELEMENTS--GENERAL INFORMATION
fixed length control field 211104b ||||| |||| 00| 0 eng d
020 ## - INTERNATIONAL STANDARD BOOK NUMBER
International Standard Book Number 0521645190
050 ## - LIBRARY OF CONGRESS CALL NUMBER
Classification number DT532.5.M36 1988
100 ## - MAIN ENTRY--PERSONAL NAME
Personal name Manning, Patrick
9 (RLIN) 50954
245 ## - TITLE STATEMENT
Title Francophone Sub-Saharan Africa 1880-1995
Statement of responsibility, etc /by Patrick, Manning
260 ## - PUBLICATION, DISTRIBUTION, ETC. (IMPRINT)
Place of publication, distribution, etc Cambridge:
Name of publisher, distributor, etc Cambridge University Press,
Date of publication, distribution, etc 1994.
300 ## - PHYSICAL DESCRIPTION
Extent vi, 247p.;
Dimensions 23cm.
650 ## - SUBJECT ADDED ENTRY--TOPICAL TERM
Topical term or geographic name as entry element Africa, French-speaking Equatorial
General subdivision History
Chronological subdivision 1884-1960
9 (RLIN) 50955
650 ## - SUBJECT ADDED ENTRY--TOPICAL TERM
Topical term or geographic name as entry element Africa, French-speaking Equatorial
General subdivision History
Chronological subdivision 1960-
9 (RLIN) 50956
650 ## - SUBJECT ADDED ENTRY--TOPICAL TERM
Topical term or geographic name as entry element Africa, French-speaking West
General subdivision History
Chronological subdivision 1884-1960
9 (RLIN) 32593
650 ## - SUBJECT ADDED ENTRY--TOPICAL TERM
Topical term or geographic name as entry element Africa, French-speaking West
General subdivision History
Chronological subdivision 1960-
9 (RLIN) 50957
942 ## - ADDED ENTRY ELEMENTS (KOHA)
Source of classification or shelving scheme Library of Congress Classification
Item type Monograph ( Printed materials)
Holdings
Withdrawn status Lost status Source of classification or shelving scheme Damaged status Not for loan Collection code Home library Current library Shelving location Date acquired Total Checkouts Full call number Barcode Date last seen Copy number Price effective from Koha item type
    Library of Congress Classification     Main Collection ARRUPE LIBRARY ARRUPE LIBRARY Main Collection 04/11/2021   DT532.5.M36 1988 46600007131 04/11/2021 1 04/11/2021 Monograph ( Printed materials)

 

Arrupe Library. PO Box MP320 Mt Pleasant, Harare, Zimbabwe
263 242 745411|librarian@aju.ac.zw